| 000 | 00886nam a2200253 i 4500 | ||
|---|---|---|---|
| 001 | 128972 | ||
| 003 | ES-MaACL | ||
| 005 | 20240429175100.0 | ||
| 007 | t| | ||
| 008 | 070531s1960 mx ||||1| spa d | ||
| 080 | _a82-2"19"(082) | ||
| 245 | 0 | 0 |
_aTeatro noruego contemporáneo / _ctraducción de Javier Armada Abella ; prólogo de Juan Eduardo Zúñiga. |
| 250 | _a[1ª ed.]. | ||
| 260 |
_aMéxico : _bAguilar, _c[1960] |
||
| 300 |
_a429 p. : _bil. ; _c20 cm. |
||
| 505 | 8 | _aContiene: Un viaje en la noche / Sigurd Chistiansen.-- La ruptura / Helge Krog.-- La derrota / Nordahl Grieg | |
| 700 | 1 |
_aArmada Abella, Javier. _922903 |
|
| 700 | 1 |
_aZúñiga, Juan Eduardo, _d1919-2020 _9118516 |
|
| 700 | 1 |
_aChistiansen, Sigurd. _938565 |
|
| 700 | 1 |
_aKrog, Helge. _968879 |
|
| 700 | 1 |
_aGrieg, Nordahl. _959982 |
|
| 852 |
_aES-MaACL _jC-56394 _bR.89102 |
||
| 999 |
_c128972 _d128972 |
||